| 000 | 00672cam a2200145 4500500 | ||
|---|---|---|---|
| 005 | 20251228093425.0 | ||
| 041 | _afre | ||
| 042 | _adc | ||
| 100 | 1 | 0 |
_aKessler, Gijs _eauthor |
| 245 | 0 | 0 | _aBarbara FALK Sowjetische Städte in der Hungersnot 1932/33 Staatliche Ernährungspolitik und Städtisches Alltagsleben Cologne, Weimar, Vienne : Böhlau Verlag, 2005, xviii-445p., index, tabl. (Beiträge zur Geschichte Osteuropas, 38) |
| 260 | _c2005. | ||
| 500 | _a30 | ||
| 786 | 0 | _nCahiers du monde russe | Vol 46 | 4 | 2005-11-01 | p. 859s-990s | 1252-6576 | |
| 856 | 4 | 1 | _uhttps://shs.cairn.info/revue-cahiers-du-monde-russe-2005-4-page-859s?lang=fr&redirect-ssocas=7080 |
| 999 |
_c1604345 _d1604345 |
||